000 00913na a2200289 4500
001 16689
003 MIRAKIL
005 20181213154757.0
008 161012b tu 000 0
020 _a9789759119287
035 _a16689
040 _aMilas
_btur
_cTR-AnCHP
041 _atur
_aeng
082 _a956.22651
_bS64a 2012
090 _a956.22651 S64a 2012
100 _aSolmaz, Sami
245 _aAdalılar = Islanders
_c[Fotoğraflar] Sami Solmaz
246 _aIslanders
260 _a[İstanbul]
_bAdalı yayınları
_c2012
300 _a[140] s.
_bfotg.
_c28 sm.
500 _aMetinler Türkçe-İngilizce karşılıklıdır.
650 _aAzınlıklar
_xSosyal yaşam ve gelenekler
_yFotoğraflar
_zİstanbul
_zAdalar
651 _aTürkiye
_xDış ilişkiler
_zYunanistan
651 _aAdalar (İstanbul)
_xTarih
_yFotoğraflar
651 _aİstanbul
_xFotoğraflar
_zAdalar
942 _2ddc
_cBKS
999 _c684
_d684